Možnosti modifikácie povrchov aktívnych častí tvárniacich nástrojov
Saved in:
| Main Author: | |
|---|---|
| Other Authors: | |
| Format: | Manuscript Book |
| Language: | Slovak |
| Published: |
2017
|
| Subjects: | |
| Online Access: | http://is.stuba.sk/zp/portal_zp.pl?podrobnosti=121117 |
| Tags: |
No Tags, Be the first to tag this record!
|
MARC
| LEADER | 00000ntm a22000003a 4500 | ||
|---|---|---|---|
| 001 | stuzp62781 | ||
| 003 | SK-STU | ||
| 005 | 20170624211811.4 | ||
| 007 | ta | ||
| 008 | 150427s2015----xo-----f-mn---000-0-slo-d | ||
| 040 | |a STU |b slo | ||
| 041 | 0 | |a slo | |
| 100 | 1 | |a Floriš, Viktor |u 063000 |4 aut |U MTF Materiálovotechnologická fakulta |T MTF Ústav výrobných technológií |X 72533 |U M3000 |Y 83 |7 72533 | |
| 242 | 0 | 1 | |a Possibilities of modification of surfaces of active parts of forming tools |y eng |
| 245 | 1 | 0 | |a Možnosti modifikácie povrchov aktívnych častí tvárniacich nástrojov |
| 260 | |c 2017 | ||
| 650 | 4 | |a tvárniace nástroje |2 slo | |
| 650 | 4 | |a laserové textúrovanie |2 slo | |
| 650 | 4 | |a koeficient trenia |2 slo | |
| 650 | 4 | |a Ring test |2 slo | |
| 650 | 4 | |a forming tools |2 eng | |
| 650 | 4 | |a laser texturing |2 eng | |
| 650 | 4 | |a coefficient of friction |2 eng | |
| 650 | 4 | |a Ring test |2 eng | |
| 700 | 1 | |a Šugárová, Jana |u 063600 |k Z1 |4 ths |U MTF Ústav výrobných technológií |T MTF Katedra obrábania a tvárnenia |X 54646 |U M3600 |Y 841 |7 A000054646 | |
| 856 | 4 | |u http://is.stuba.sk/zp/portal_zp.pl?podrobnosti=121117 | |
| 996 | |c M* BP-8131 |l MMSKP |s P |a 0 |w stuzp62781_0001 | ||